00428cam a22001452 4500001001100000005001700011008004100028040001500069050001600084100002900100245006900129260004300198300001100241700003000252000000048220151217155802.0070205s xx 000 0 eng d aKABUcKABU 0aDT423b.B751 aBrittain, H.@000014868912aA Simple history of East Africa /cH. Brittain and P. J. Ripley. aLondon :bCollins Clear - Type,c1963. a256 p.1 aRipley, P. J.@0000148690